| 000 | 00929nam a2200241 a 4500 | ||
|---|---|---|---|
| 001 | 81832 | ||
| 003 | BD-RjUL | ||
| 005 | 20230903121910.0 | ||
| 008 | 230903s2013 bg a|||| m||| 00| 0 eng d | ||
| 035 | _a(BD-RjUL)81832 | ||
| 040 |
_aBD-RjUL _beng _cBD-RjUL _dBD-RjUL |
||
| 041 | _aeng | ||
| 082 |
_223 _a660.6 _bRAI 2013 |
||
| 100 |
_aRAHMAN, A. K. M. ABDUR _98737 |
||
| 245 | 1 | 0 |
_aINTRASPECIES DIVERSITY OF RICINUS COMMUNIS L. IN BANGLADESH AND THEIR IN VITRO CONSERVATION / _cA. K. M. ABDUR RAHMAN _6Supervision : M A Bari Miah |
| 260 |
_aRajshahi : _bInstitute of Biological Sciences,University of Rajshahi _c2013 |
||
| 300 |
_a[20], 337 leaves : _bill.; _c29 cm. |
||
| 502 | _aThesis(Ph.D.)-- Institute of Biological Sciences,University of Rajshahi,2013 | ||
| 504 | _aReferences : Leaves 314-337 | ||
| 650 |
_aChemical engineering _xBiotechnology _98738 |
||
| 700 |
_aMiah, M A Bari, Supervision _98739 |
||
| 942 |
_2ddc _cTHE |
||
| 999 |
_c81832 _d81832 |
||